000 00574nam a22001817a 4500
005 20260523124528.0
008 260523b |||||||| |||| 00| 0 eng d
020 _a9789360289560
_c3450.00
040 _aMAIN
041 _aEnglish
082 _a581.95486
_bVAS
100 _aVasudeva, Srihti Pal
_926888
245 _aForests At Crossroads
_b: Strategies to Achieve Sustainability And Increased Productivity
260 _aDehradun
_bBishan Singh Mahindra Pal Singh
_c2026
300 _a370
650 _aUttarakhand Collection : Himalaya Collection
_913
942 _cBK
999 _c60865
_d60865